Statistiques concernant Géographie asiatique par lettre - A

Cliquez ici pour prendre le quiz!

Statistiques générales

  • Ce quiz a été pris 318 fois
  • Le résultat moyen est 11 sur 20

Statistiques - réponses

indiceréponse% Correct
Capitale de la TurquieAnkara
98%
Langue parlée au Moyen-Orientarabe
98%
Sa capitale est BakouAzerbaïdjan
85%
Péninsule remplie de pétrole et de gazpéninsule {Arabique}
82%
Capitale de la JordanieAmman
79%
Océan au nord de l'Asieocéan {Arctique}
79%
Ses langues officielles sont le dari et le pachtouAfghanistan
68%
La première nation chrétienneArménie
67%
La capitale du Kazakhstan depuis 1997Astana
65%
Grande mer intérieure qui s'est presque évaporéeMer d'{Aral}
63%
La capitale du TurkménistanAchgabat
53%
Le plus grand des Emirats Arabes UnisAbou Dabi
50%
L'arche de Noé a t-elle atterri sur cette montagne?Ararat
46%
Le plus grand temple du monde,
au Cambodge
Angkor Vat
41%
Le Taj Mahal est dans cette villeAgra
32%
Turquie se trouvent dans cette péninsuleAnatolie
29%
Auparavant la capitale du Kazakhstan Almaty
22%
Archipel indien dans la baie du Bengaleîles {Andaman}
16%
Indépendance déclarée de la Géorgie en 1992Abkhazie
12%
Ville indienne où Gandhi a commencé
la « marche du sel »
Ahmedabad
8%

Distribution des résultats

Percentile par nombre de réponses

% des personnes avec chaque résultat

Votre développement - résultats

Vous n’avez pas pris ce quiz